เปลี่ยนเป็นภาษาไทย

Change to English
 แสดงรายละเอียดบรรณานุกรม
  กลับหน้าหลัก

Brief Record : Get Marc (ISO 2709) : E-mail record : QR code กลับ
หนังสือการแพทย์ หนังสือทั่วไป : เกี่ยวกับ Collections
LEADER 00000nam 2200000uu 4500
001    39267
003     ULIBM
008    020711s2568 th a 000 0 tha d
060    วจ.WM 171 ท364ค
100    ทัศไนย วงศ์สุวรรณ
245    ความแตกต่างของลักษณะคำตอบในแบบทดสอบรอส์ชาคระหว่างโรคซึมเศร้าแลพโรคอารมณ์สองขั้ว=The differences between Major depressive disorder and Bipolar affective disorder on Rorschach testing/ทัศไนย วงศ์สุวรรณ
250    พิมพ์ครั้งที่ 1
260    อุบลราชธานี :^bโรงพยาบาลพระศรีมหาโพธิ์,^c2568
300    99 หน้า ;^c30 ซม.
650    โรคซึมเศร้า -- การวินิจฉัย
650    โรคอารมณ์สองขั้ว -- การวินิจฉัย
650    แบบทดสอบรอส์ชาค
650    การทดสอบทางจิตวิทยา
650    Major Depressive Disorder -- diagnosis
650    Bipolar Disorder -- diagnosis
650    Rorschach Test
650    Projective Techniques
650    Psychological Tests
700    อุ้งฟ้าวดี วงศ์อนันต์
รายการนี้ยังไม่มีแท็ก
คุณยังไม่ได้ล็อกอิน คุณสามารถมีกิจกรรมร่วมกับเว็บไซต์ได้ แต่ต้องล็อกอินก่อน ::
  ล็อกอิน
ลำดับที่ ประเภท เลขเรียก/บาร์โค้ด สถานที่ สถานะ
1. หนังสือทั่วไป
หนังสือทั่วไป
วจ.WM 171 ท364ค 2568  
  Barcode: 005440
KRPH Library On Shelf
  ขอยืม
   [แสดง 1/1 รายการ]

รายการใกล้เคียง
    ผู้แต่ง [ทัศไนย วงศ์สุวรรณ]

    หัวเรื่อง [การทดสอบทางจิตวิทยา]
    หัวเรื่อง [Projective Techniques]
    หัวเรื่อง [Psychological Tests]

BibComment


ยังไม่เคยถูกคอมเมนท์

คอมเมนท์ทรัพยากรรายการนี้
  คอมเมนท์: ความแตกต่างของลัก..
Bib 39267


 Union Library Management : ULibM
Copyright 2026. All Rights Reserved.